01011nam a2200181Ia 4500008004100000082001200041100001600053245001800069260003800087300000900125650004600134942001200180999001500192952015900207952015800366952014700524952015800671191201s2018 xx 000 0 und d a572 DAB aDas, Kuntal 0aBiochemistary bNirali PrakashanaNew Delhic2018 a5.38 aApplied Biochemistry & Clinical Chemistry 2ddccBK c8334d8334 00102ddc40708DPaPIETbPIETd2019-03-25eKirti Prakashang180.00kIN 3111l10o572 DABpDP544r2023-12-28 00:00:00s2023-12-13v133.20w2019-03-12yBK 00102ddc40708DPaPIETbPIETd2019-03-25eKirti Prakashang180.00kIN 3111l8o572 DABpDP545r2024-01-30 00:00:00s2024-01-15v133.20w2019-03-12yBK 00102ddc40708DPaPIETbPIETd2019-03-25eKirti Prakashang180.00kIN 3111l0o572 DABpDP546r2019-12-04 00:00:00v133.20w2019-03-12yREF 00102ddc40708DPaPIETbPIETd2019-03-25eKirti Prakashang180.00kIN 3111l8o572 DABpDP547r2024-02-01 00:00:00s2024-01-27v133.20w2019-03-12yBK